|
|
|
|
| LEADER |
00000cam a2200000 7i4500 |
| 001 |
0000000632 |
| 005 |
20000914.0 |
| 090 |
0 |
0 |
|a 333.95416095951
|b WIL 1992
|
| 245 |
0 |
0 |
|a WILDLIFE plan for Peninsular Malaysia
|c Department of Wildlife and National Parks
|
| 260 |
0 |
0 |
|a Kuala Lumpur :
|b Jabatan Perlindungan Hidupan Liar dan Taman Negara (PERHILITAN) ,
|c 1992
|
| 300 |
|
|
|a xii, 73 p. :
|b col. ill. ;
|c 25 cm.
|
| 650 |
0 |
0 |
|a Wildlife conservation
|z Malaysia
|
| 650 |
0 |
0 |
|a Wildlife management
|z Malaysia
|
| 999 |
|
|
|a 0000000391
|b Monograph
|c Reference
|e Default branch
|
| 999 |
|
|
|a 0000000392
|b Monograph
|c Reference
|e Default branch
|
| 999 |
|
|
|a 0000000393
|b Monograph
|c Open Shelf
|e Default branch
|